00534nam a22001937a 450000500170000001000130001702000130003003500130004303700190005608200070007510000270008224500500010924600390015925000090019826000300020727000440023730000210028149000380030220190702172036.0 aA-854096 a-c55.00 aA-854096 bBPPD/Ven.adpl aک aعصمت چغتا ئ aد و ہا تھcعصمت چغتا ئhUrdu aDo Haat (Urdu)bbyAsmath Chughtaiy a1998 aLahorebMaktaba Urdu Adab aBazar Sathan Indroon Lohari Gate Lahore a144صc22cm(Hbk) aJaico illustrated classics series